| 000 | 00495nam a22001937a 4500 | ||
|---|---|---|---|
| 999 |
_c7915 _d7915 |
||
| 003 | OSt | ||
| 005 | 20220801110433.0 | ||
| 008 | 220801b ||||| |||| 00| 0 eng d | ||
| 040 | _cddc | ||
| 082 | _a597 GRE 1958 | ||
| 100 |
_aGreenwood, P.H _916085 |
||
| 245 | _aThe fishes of Uganda | ||
| 260 |
_aUganda: _bThe uganda society; _c1958 |
||
| 300 |
_a124p; _bill: _c23cm |
||
| 504 | _aAppendix and index included | ||
| 521 | _bpurchase | ||
| 650 |
_aFishes of uganda _916086 |
||
| 942 |
_2ddc _cBOOK |
||